| 000 | 00484nam a2200181Ia 4500 | ||
|---|---|---|---|
| 001 | 9246 | ||
| 005 | 20260306160709.0 | ||
| 008 | 260306t2015||||xx |||||||||||||| ||spa|| | ||
| 041 | _aESP | ||
| 082 |
_a378.001 _bP34 |
||
| 100 |
_aPease D., María Angélica _eAUT |
||
| 245 | 0 |
_aCognición, neurociencia y aprendizaje: _bel adolescente en la educación superior |
|
| 260 | _c2015 | ||
| 300 |
_a348 páginas : _c20 cm. |
||
| 650 | _aGEN | ||
| 654 | _aCED | ||
| 942 |
_cLIB _dJUS _fJUS _2ddc _n |
||
| 999 |
_c9246 _d9246 |
||